[Event "Let's Play Chess!"]
[Site "http://www.queenalice.com/game.php?id=883177"]
[Date "2011.1.8"]
[Round "-"]
[White "krambo1"]
[Black "adelio"]
[Result "1-0"]
[WhiteElo "2003"]
[BlackElo "1643"]

1. d4 h6 2. e4 a6 3. Nf3 b6 4. Nc3 c6 5. Bd3 g6 6. O-O d6 7. Re1 e6 8. e5 Qd7 9.
Na4 Qb7 10. b4 b5 11. Nc3 Ra7 12. Be3 d5 13. a3 f5 14. h4 Qh7 15. g3 Rg7 16. Kg2
Be7 17. Rh1 Nd7 18. Bd2 Nf8 19. Ne2 g5 20. hxg5 h5 21. g4 Qg6 22. Nh4 Qf7 23.
gxf5 Bxg5 24. Bxg5 Rxg5+ 25. Ng3 exf5 26. f4 Rg4 27. Kf3 Ne7 28. Qd2 Rhg8 29.
Rag1 Nfg6 30. Nxg6 Nxg6 31. Nxh5 Nh4+ 32. Rxh4 Rxg1 33. Nf6+ Qxf6 34. exf6 R8g3+
35. Ke2 R3g2+ 36. Ke3 Rg3+ 37. Kf2 R3g2+ 38. Ke3 Rxd2 39. Kxd2 Be6 40. Rh7 Bf7
41. Bxf5 Bg8 42. Rc7 Rg2+ 43. Kc3 Rf2 44. Bg6+ Kd8 45. f7 Bxf7 46. Rxf7 Rf3+ 47.
Kb2 Ke8 48. Ra7+ Kd8 49. Rxa6 Rxf4 50. Rxc6 Rxd4 51. Rc5 Ke7 52. Rxb5 Kd6 53.
Bd3 Kc6 54. a4 Rh4 55. a5 Rh8 56. Rb6+ Kd7 57. Bb5+ Kc7 58. Bc6 d4 59. b5 Rb8
60. Rxb8 Kxb8 61. b6 d3 62. a6 dxc2 63. a7+ Kc8 64. a8=Q# 1-0

[Event "Challenge"]
[Site "http://www.queenalice.com/game.php?id=883554"]
[Date "2011.1.9"]
[Round "-"]
[White "krambo1"]
[Black "Samuelfs57"]
[Result "1-0"]
[WhiteElo "1997"]
[BlackElo "1944"]

1. d4 d5 2. Nf3 Nf6 3. Bf4 Bg4 4. e3 e6 5. c4 Bb4+ 6. Nc3 Ne4 7. Rc1 Nc6 8. Be2
Nxc3 9. bxc3 Ba3 10. Rb1 Bxf3 11. Bxf3 dxc4 12. Rxb7 O-O 13. Bxc6 Bd6 14. Bxd6
cxd6 15. O-O Qa5 16. Qc2 d5 17. Rfb1 f5 18. R7b5 Qc7 19. Bxa8 Rxa8 20. Rb7 Qd6
21. Qa4 Rf8 22. Qxa7 1-0

[Event "Challenge"]
[Site "http://www.queenalice.com/game.php?id=884443"]
[Date "2011.1.11"]
[Round "-"]
[White "Samuelfs57"]
[Black "krambo1"]
[Result "1-0"]
[WhiteElo "1930"]
[BlackElo "2011"]

1. e4 c6 2. d4 d5 3. e5 Bf5 4. Nf3 e6 5. Bd3 Bxd3 6. Qxd3 Nd7 7. O-O c5 8. c3
cxd4 9. cxd4 Ne7 10. Ng5 Ng6 11. f4 h6 12. Nxe6 Ngxe5 13. fxe5 fxe6 14. Qg6+ 1-0

[Event "Challenge"]
[Site "http://www.queenalice.com/game.php?id=884456"]
[Date "2011.1.11"]
[Round "-"]
[White "krambo1"]
[Black "Samuelfs57"]
[Result "1-0"]
[WhiteElo "1991"]
[BlackElo "1949"]

1. d4 d5 2. Nf3 Nc6 3. Bf4 Bg4 4. e3 e6 5. a3 Nf6 6. c4 Bd6 7. Bxd6 Qxd6 8. cxd5
exd5 9. Nc3 O-O 10. Be2 Rae8 11. O-O a6 12. b4 Ne7 13. Ne5 Bxe2 14. Qxe2 b5 15.
h3 Ng6 16. Nxg6 fxg6 17. Rac1 Nh5 18. Nb1 Nf4 19. Qc2 Ne6 20. Qc6 Qxc6 21. Rxc6
Ra8 22. Rxe6 Kf7 23. Re5 c6 24. f4 Rfe8 25. Nd2 a5 26. f5 g5 27. Rc1 Rec8 28.
Re6 axb4 29. axb4 Ra6 30. Nf3 Re8 31. Nxg5+ Kf8 32. Nxh7+ Kf7 33. Ng5+ Kf8 34.
Rcxc6 Rxc6 35. Rxc6 Rxe3 36. Kf2 Rb3 37. Rc5 Rxb4 38. Rxd5 Rb2+ 39. Kf3 b4 40.
Rb5 Rb1 41. Ne4 Kf7 42. g4 g6 43. fxg6+ Kxg6 44. h4 b3 45. Nd2 Rb2 46. Nxb3 Kf6
47. Ke3 Ke7 48. h5 Kf7 49. g5 Kg7 50. Rb7+ Kg8 51. h6 Kh8 52. g6 Rxb3+ 53. Rxb3
1-0

[Event "Challenge"]
[Site "http://www.queenalice.com/game.php?id=885690"]
[Date "2011.1.13"]
[Round "-"]
[White "Samuelfs57"]
[Black "krambo1"]
[Result "0-1"]
[WhiteElo "1948"]
[BlackElo "1969"]

1. e4 c6 2. d4 d5 3. e5 Bf5 4. f4 Nd7 5. Nf3 e6 6. Bd3 Nh6 7. O-O Bxd3 8. Qxd3
Nf5 9. Ng5 c5 10. c3 cxd4 11. cxd4 h6 12. Nf3 Be7 13. Nc3 Nb6 14. b3 O-O 15. Bd2
Rc8 16. Rac1 a6 17. a4 Nd7 18. Nxd5 Nxe5 19. dxe5 Qxd5 20. Qxd5 exd5 21. Rfd1
Rc6 22. b4 Rfc8 23. b5 Rxc1 24. Rxc1 Rxc1+ 25. Bxc1 axb5 26. axb5 Bc5+ 27. Kf1
Kf8 28. Ke2 Ke8 29. g4 Ne7 30. f5 Kd7 31. Kd3 Kc7 32. f6 gxf6 33. exf6 Ng8 34.
g5 hxg5 35. Bxg5 Kb6 36. Nd4 Bd6 37. h4 Be5 38. Nf5 Nxf6 39. Bxf6 Bxf6 40. h5
Kxb5 41. h6 Kc5 42. Ng7 b5 43. Nf5 b4 44. h7 b3 45. Nh6 Kb4 46. Ng4 Bg7 47. Ne3
Ka3 48. Nf5 Bf6 49. Nd4 b2 50. Kc2 Bxd4 51. Kb1 f5 0-1

[Event "Chess Madness"]
[Site "http://www.queenalice.com/game.php?id=886432"]
[Date "2011.1.15"]
[Round "-"]
[White "MisterTibs"]
[Black "krambo1"]
[Result "1/2-1/2"]
[WhiteElo "2351"]
[BlackElo "1984"]

1. d4 d5 2. e3 Nf6 3. Nf3 Bg4 4. Be2 e6 5. O-O Nbd7 6. h3 Bh5 7. Nbd2 c5 8. dxc5
Bxc5 9. Nb3 Be7 10. Nfd4 Bxe2 11. Qxe2 O-O 12. c4 Rc8 13. cxd5 Nxd5 14. e4 N5f6
15. Rd1 a6 16. Bg5 h6 17. Bxf6 Bxf6 18. Nf3 Rc7 19. e5 Be7 20. Rac1 Qb8 21. Rxc7
Qxc7 22. Qe4 Nc5 23. Nxc5 Bxc5 24. b4 Be7 25. a3 Rd8 26. Rxd8+ Bxd8 27. Qd4 b5
28. Kh2 Be7 1/2-1/2

[Event "OS INCLIVEIS"]
[Site "http://www.queenalice.com/game.php?id=886975"]
[Date "2011.1.16"]
[Round "-"]
[White "adelio"]
[Black "krambo1"]
[Result "1-0"]
[WhiteElo "1627"]
[BlackElo "1999"]

1. h3 d5 2. a3 e5 3. b3 Nf6 4. g3 c5 5. c3 Nc6 6. d3 h6 7. e3 e4 8. g4 a5 9. Qe2
Bd6 10. Ra2 Be6 11. f4 exf3 12. Qxf3 d4 13. c4 Qc7 14. e4 Bg3+ 15. Rf2 Bxf2+ 16.
Qxf2 a4 17. Nd2 axb3 18. Nxb3 b6 19. Nf3 Ne5 20. Nxe5 Qxe5 21. Bf4 Nxg4 22. hxg4
Qf6 23. e5 Qd8 24. g5 Rxa3 25. Qb2 Qa8 26. Rh2 h5 27. Bc1 Qa4 28. Qxa3 1-0

[Event "Challenge"]
[Site "http://www.queenalice.com/game.php?id=887096"]
[Date "2011.1.16"]
[Round "-"]
[White "krambo1"]
[Black "MisterTibs"]
[Result "0-1"]
[WhiteElo "1993"]
[BlackElo "2342"]

1. d4 d5 2. Nf3 Bg4 3. Bf4 Bxf3 4. exf3 e6 5. a3 Nf6 6. c4 dxc4 7. Bxc4 Be7 8.
O-O O-O 9. Nc3 a6 10. Re1 Bd6 11. Be5 Nc6 12. Ba2 Qe7 13. Qd3 Rad8 14. Bxf6 Qxf6
15. Rad1 Qh6 16. g3 Ne7 17. Kg2 c6 18. b4 Nd5 19. Re4 Nxc3 20. Qxc3 Rfe8 21. Rh4
Qf6 22. Bb1 g6 23. Qd2 Bf8 24. Rf4 Qe7 25. h4 f5 26. Re1 Bh6 27. Ba2 Qd6 28. Qe3
Bxf4 29. Qxf4 Qxf4 30. gxf4 Kf8 31. Rd1 Rd6 0-1

[Event "Challenge"]
[Site "http://www.queenalice.com/game.php?id=887308"]
[Date "2011.1.17"]
[Round "-"]
[White "krambo1"]
[Black "adelio"]
[Result "1-0"]
[WhiteElo "1991"]
[BlackElo "1614"]

1. d4 a6 2. e4 h6 3. Nf3 g6 4. c4 b6 5. Nc3 c6 6. Bd3 d6 7. O-O e6 8. e5 Qd7 9.
Bc2 g5 10. h3 Ra7 11. Re1 d5 12. cxd5 cxd5 13. a3 b5 14. Be3 Ne7 15. Nd2 Nf5 16.
b4 Nxe3 17. Rxe3 Nc6 18. Nb3 h5 19. Rg3 Qe7 20. Qd2 Bh6 21. Qd3 Rg8 22. Ne2 f5
23. exf6 Qxf6 24. Rf3 Qg7 25. Qc3 Rc7 26. Nc5 g4 27. hxg4 hxg4 28. Rg3 Ne7 29.
Qe1 Nf5 30. Rc3 g3 31. fxg3 Be3+ 32. Kf1 Qh6 33. Bxf5 exf5 34. Nf4 Qh1+ 35. Ke2
Qxe1+ 36. Rxe1 Bxf4 37. Kf3+ Kd8 38. gxf4 Rgg7 39. Re5 Rge7 40. Rxd5+ Ke8 41.
Re5 Rxe5 42. dxe5 Ke7 43. Rd3 Ra7 44. g3 a5 45. Rc3 axb4 46. axb4 Ra1 47. Nb3
Ra8 48. Nd4 Bb7+ 49. Ke3 Rc8 50. Rxc8 Bxc8 51. Nxb5 Ba6 52. Nd6 Bf1 53. Nxf5+
Ke6 54. Nd6 Ke7 55. b5 Ke6 56. b6 Bg2 57. b7 Bxb7 58. Nxb7 Ke7 59. Ke4 Ke6 60.
f5+ Ke7 61. Kd5 Ke8 62. Ke6 Kf8 63. Kd7 Kf7 64. g4 Kf8 65. e6 Kg7 66. e7 Kf6 67.
e8=Q Kg5 68. Qg6+ Kf4 69. f6 Ke5 70. f7 Kd5 71. f8=Q Kd4 72. Qc5# 1-0

[Event "Challenge"]
[Site "http://www.queenalice.com/game.php?id=887344"]
[Date "2011.1.17"]
[Round "-"]
[White "krambo1"]
[Black "Samuelfs57"]
[Result "1/2-1/2"]
[WhiteElo "1995"]
[BlackElo "1894"]

1. d4 d5 2. Nf3 Nc6 3. Bf4 f6 4. c4 Bg4 5. cxd5 Qxd5 6. e3 O-O-O 7. Nc3 Bxf3 8.
gxf3 Qa5 9. Bh3+ Kb8 10. O-O e5 11. Bg3 exd4 12. exd4 Nxd4 13. Rc1 Nc6 14. Qb3
Qb4 15. Qxb4 Bxb4 16. a3 Bd6 17. Ne4 Be5 18. Nc3 Nd4 19. Kg2 Ne7 20. Rfe1 Nec6
21. b4 Nb3 22. Rc2 Rd2 23. Rxd2 Nxd2 24. Ne4 Rd8 25. Nxd2 Rxd2 26. b5 Bxg3 27.
hxg3 Nd8 28. Re7 g5 29. Rxh7 c6 30. bxc6 bxc6 31. Bf5 c5 32. a4 a5 33. Rh1 Rd4
34. Rb1+ Rb4 35. Rc1 Nb7 36. Bd7 Rd4 37. Bb5 Nd6 38. Rxc5 Rb4 39. Bd7 Rd4 40.
Rc1 Nc4 41. Bb5 Nb6 42. Ra1 Kc7 1/2-1/2

[Event "Challenge"]
[Site "http://www.queenalice.com/game.php?id=887979"]
[Date "2011.1.19"]
[Round "-"]
[White "ORNELAS"]
[Black "krambo1"]
[Result "0-1"]
[WhiteElo "1629"]
[BlackElo "1991"]

1. b3 d5 2. Ba3 Nf6 3. d4 Bf5 4. Nf3 Nbd7 5. Nbd2 e6 6. Bxf8 Nxf8 7. Nh4 Be4 8.
Nxe4 Nxe4 9. Qd3 Qxh4 10. g3 Qf6 11. f4 Nd7 12. Bg2 Qf5 13. Bxe4 Qxe4 14. Qxe4
dxe4 15. e3 f5 16. O-O-O b5 17. h3 Nb6 18. g4 Nd5 19. gxf5 Nxe3 20. Rd2 Nxf5 21.
c3 c6 22. Rg1 e3 23. Re2 Kf7 24. h4 g6 25. Rh2 a5 26. h5 b4 27. hxg6+ hxg6 28.
Rxh8 Rxh8 29. Rg2 bxc3 30. Kc2 Nxd4+ 31. Kxc3 e2 32. Rg1 c5 33. Kc4 Rh5 34. Kd3
Rf5 35. Ke4 Nc2 36. Kd3 e1=Q 37. Rxe1 Nxe1+ 38. Ke2 Ng2 39. Kf3 Nxf4 40. Ke4 g5
41. a3 Nd5 42. Kd3 g4 43. Kc4 Nc7 44. b4 cxb4 45. axb4 axb4 46. Kxb4 g3 47. Kc4
g2 48. Kd3 g1=Q 49. Kc4 Qg4+ 50. Kd3 Rf3+ 51. Ke2 Qg2+ 52. Ke1 Rf1# 0-1

[Event "Chess Madness"]
[Site "http://www.queenalice.com/game.php?id=888957"]
[Date "2011.1.21"]
[Round "-"]
[White "MisterTibs"]
[Black "krambo1"]
[Result "1-0"]
[WhiteElo "2346"]
[BlackElo "1993"]

1. d4 d5 2. e3 Nf6 3. Nf3 Bg4 4. Be2 e6 5. h3 Bh5 6. Nbd2 Nbd7 7. c4 c5 8. cxd5
Nxd5 9. dxc5 Bxc5 10. Nb3 Be7 11. O-O O-O 12. Nfd4 Bxe2 13. Qxe2 a6 14. e4 N5f6
15. Bg5 h6 16. Bh4 Rc8 17. Rac1 Re8 18. Rxc8 Qxc8 19. Rc1 Qb8 20. Nf3 Rc8 21.
Rd1 Rc6 22. e5 1-0

[Event "Challenge"]
[Site "http://www.queenalice.com/game.php?id=891035"]
[Date "2011.1.25"]
[Round "-"]
[White "Samuelfs57"]
[Black "krambo1"]
[Result "1-0"]
[WhiteElo "1914"]
[BlackElo "1973"]

1. e4 c6 2. d4 d5 3. e5 Bf5 4. Nf3 Nd7 5. Bd3 Bxd3 6. Qxd3 h6 7. e6 Ngf6 8.
exd7+ Qxd7 9. Ne5 Qe6 10. O-O Qc8 11. Re1 e6 12. Bd2 Bd6 13. Ng6 fxg6 14. Qxg6+
Kf8 15. Re3 Qc7 16. Rh3 Qf7 17. Qd3 Ke7 18. Nc3 Raf8 19. Rf1 Ng4 20. f3 Nf6 21.
Re1 Nh5 22. Ne2 Qf5 23. Qxf5 Rxf5 24. g4 Nf4 25. Bxf4 Rf7 26. Bxd6+ Kxd6 27. g5
h5 28. Rf1 g6 29. f4 b6 30. b4 c5 31. bxc5+ bxc5 32. Rb3 cxd4 33. Nxd4 Rc8 34.
c3 Rc4 35. h4 Ra4 36. a3 Re7 37. Rb4 Ra5 38. Rfb1 Rc5 39. Rb7 Rxb7 40. Rxb7 Ra5
41. Rb3 e5 42. fxe5+ Kxe5 43. Nc6+ 1-0

[Event "Chess Madness"]
[Site "http://www.queenalice.com/game.php?id=891890"]
[Date "2011.1.27"]
[Round "-"]
[White "krambo1"]
[Black "MisterTibs"]
[Result "1/2-1/2"]
[WhiteElo "1948"]
[BlackElo "2349"]

1. e4 e6 2. d4 d5 3. e5 c5 4. c3 Nc6 5. Nf3 Qb6 6. a3 Nge7 7. Be2 cxd4 8. cxd4
Nf5 9. O-O Nfxd4 10. b4 Nxf3+ 11. Bxf3 Nxe5 12. Be2 Bd6 13. Bb2 O-O 14. Nd2 a5
15. Qb3 axb4 16. axb4 Bd7 17. Rfc1 1/2-1/2

[Event "Chess Madness"]
[Site "http://www.queenalice.com/game.php?id=893760"]
[Date "2011.1.31"]
[Round "-"]
[White "MisterTibs"]
[Black "krambo1"]
[Result "1/2-1/2"]
[WhiteElo "2338"]
[BlackElo "1962"]

1. d4 d5 2. e3 Nf6 3. Nf3 Bg4 4. Be2 e6 5. h3 Bh5 6. Ne5 Bxe2 7. Qxe2 Be7 8. Nd2
O-O 9. O-O Nbd7 10. Nxd7 Qxd7 11. c4 c5 12. dxc5 Bxc5 13. cxd5 Qxd5 14. Nb3 Be7
15. Bd2 b6 16. Bc3 Rac8 17. Rfd1 Qb7 18. Rac1 Rfd8 19. Bd4 h6 20. Rxc8 Rxc8 21.
Bxf6 Bxf6 22. Qd3 Bxb2 23. Rd2 Bf6 24. Qb5 1/2-1/2

[Event "Challenge"]
[Site "http://www.queenalice.com/game.php?id=894709"]
[Date "2011.2.2"]
[Round "-"]
[White "krambo1"]
[Black "Samuelfs57"]
[Result "0-1"]
[WhiteElo "1976"]
[BlackElo "1970"]

1. d4 d5 2. Nf3 Bg4 3. Bf4 Bxf3 4. exf3 e6 5. Be2 Bd6 6. Qd2 Nc6 7. c3 Qe7 8.
O-O Nf6 9. Bxd6 Qxd6 10. Re1 O-O 11. Bd3 Rae8 12. Na3 a6 13. Re3 e5 14. dxe5
Nxe5 15. Bc2 c5 16. Rd1 Rd8 17. b3 d4 18. c4 dxe3 19. Qxd6 Rxd6 0-1

[Event "Chess Madness"]
[Site "http://www.queenalice.com/game.php?id=896107"]
[Date "2011.2.5"]
[Round "-"]
[White "krambo1"]
[Black "MisterTibs"]
[Result "1-0"]
[WhiteElo "1960"]
[BlackElo "2327"]

1. d4 d5 2. Nf3 Bg4 3. h3 Bxf3 4. exf3 e6 5. Bd3 Nf6 6. O-O Be7 7. Bf4 O-O 8.
Re1 Nbd7 9. c3 c5 10. dxc5 Nxc5 11. Bc2 Bd6 12. Be5 Bxe5 13. Rxe5 Qd7 14. Qd4
Rfd8 15. Qxc5 1-0

[Event "Chess Madness"]
[Site "http://www.queenalice.com/game.php?id=896852"]
[Date "2011.2.6"]
[Round "-"]
[White "MisterTibs"]
[Black "krambo1"]
[Result "1-0"]
[WhiteElo "2292"]
[BlackElo "1955"]

1. d4 d5 2. e3 Nf6 3. Nf3 Bg4 4. Be2 e6 5. Nbd2 Nbd7 6. h3 Bh5 7. O-O c5 8. dxc5
Bxc5 9. Nb3 Be7 10. c4 O-O 11. cxd5 Nxd5 12. Nfd4 Bg6 13. Bd3 Bxd3 14. Qxd3 a6
15. e4 N5f6 16. Rd1 Rc8 17. Be3 Nc5 18. Qe2 Qe8 19. Nxc5 Bxc5 20. Bg5 Be7 21.
Bxf6 Bxf6 22. e5 Be7 23. Rd3 Qa4 24. a3 Rfd8 25. b3 Qd7 26. b4 Rc4 27. Rad1 Qc8
28. Nf5 exf5 29. Rxd8+ Bxd8 30. Qxc4 Qb8 31. Rd7 1-0

[Event "Chess Madness"]
[Site "http://www.queenalice.com/game.php?id=898339"]
[Date "2011.2.10"]
[Round "-"]
[White "krambo1"]
[Black "MisterTibs"]
[Result "0-1"]
[WhiteElo "1970"]
[BlackElo "2303"]

1. d4 d5 2. Nf3 Bg4 3. h3 Bh5 4. Bf4 Nf6 5. e3 e6 6. Be2 Bd6 7. Be5 Bg6 8. O-O
O-O 9. Nbd2 Qe7 10. c4 dxc4 11. Nxc4 Rd8 12. Rc1 Nc6 13. a3 Rac8 14. Qb3 Rb8 15.
Rfd1 Nd5 16. Bd3 Bxd3 17. Qxd3 Bxe5 18. Ncxe5 Nxe5 19. Nxe5 f6 20. Nf3 c6 21. b4
Rd7 22. Qe4 Rbd8 23. g3 Qe8 24. Kg2 Qf7 25. Rh1 Ne7 26. h4 Nf5 27. h5 a6 28. Qg4
Nh6 29. Qh3 Rf8 30. Rc5 e5 31. g4 e4 32. Nh4 Qa2 33. Ra5 Qe2 0-1

[Event "Challenge"]
[Site "http://www.queenalice.com/game.php?id=898355"]
[Date "2011.2.10"]
[Round "-"]
[White "Samuelfs57"]
[Black "krambo1"]
[Result "1-0"]
[WhiteElo "1952"]
[BlackElo "1990"]

1. e4 c6 2. d4 d5 3. e5 Bf5 4. Bd3 Bxd3 5. Qxd3 e6 6. Nf3 Nd7 7. Ng5 g6 8. f4
Ne7 9. O-O h6 10. Qh3 Nf5 11. c3 Bg7 12. Nf3 c5 13. g4 Ne7 14. Na3 Qb6 15. Rf2
Nc6 16. Nc2 f6 17. g5 f5 18. Qg3 c4 19. Nh4 Kf7 20. Nxg6 Kxg6 21. gxh6+ Kxh6 22.
Rg2 1-0

[Event "Challenge"]
[Site "http://www.queenalice.com/game.php?id=898506"]
[Date "2011.2.10"]
[Round "-"]
[White "krambo1"]
[Black "Samuelfs57"]
[Result "0-1"]
[WhiteElo "1972"]
[BlackElo "1954"]

1. d4 d5 2. Nf3 Nf6 3. Bg5 Ne4 4. Bh4 f6 5. e3 g5 6. Bg3 Nc6 7. Bb5 Nxg3 8. hxg3
Qd6 9. a3 Bg4 10. Qd3 h5 11. Qg6+ Kd8 12. Nbd2 a6 13. Be2 Qe6 14. c4 b5 15. cxb5
axb5 16. Qc2 Bf5 17. Qc1 g4 18. Nh4 Bh7 19. Bxb5 Nxd4 20. Bd3 Bxd3 21. Qc3 Nc2+
22. Kd1 Nxa1 23. Qxd3 Qc6 24. Ng6 Rg8 25. Rxh5 e6 26. Nf4 f5 27. Nc4 Qa4+ 28.
Kd2 Qxc4 29. Nxe6+ Kc8 30. Qxf5 Nb3+ 31. Kd1 Qc1+ 0-1

[Event "Challenge"]
[Site "http://www.queenalice.com/game.php?id=900411"]
[Date "2011.2.14"]
[Round "-"]
[White "Samuelfs57"]
[Black "krambo1"]
[Result "0-1"]
[WhiteElo "1960"]
[BlackElo "1954"]

1. e4 c6 2. d4 d5 3. e5 Bf5 4. Bd3 Bxd3 5. Qxd3 e6 6. Nf3 h6 7. O-O Nd7 8. Nc3
Be7 9. Ne2 Qb6 10. Nf4 Nf8 11. c3 Bd8 12. b4 Ne7 13. Rb1 a6 14. Nh5 Nf5 15. g4
g6 16. Nf6+ Bxf6 17. exf6 Nd6 18. Ne5 Nd7 19. Bf4 Nxf6 20. f3 Ke7 21. Nxf7 Nxf7
22. Qxg6 Rag8 23. Qd3 h5 24. h3 hxg4 25. fxg4 Qd8 26. Rbe1 Ne4 27. Be5 Nxe5 28.
dxe5 Ng5 29. Re3 Kd7 30. Kg2 Kc8 31. a4 Ne4 32. b5 Qh4 33. bxa6 Rxg4+ 34. Kh2
Rhg8 35. axb7+ Kb8 36. Re2 Ng3 37. Rff2 Nxe2 38. Rxe2 Rg3 39. Re3 Qxh3# 0-1

[Event "Chess Madness"]
[Site "http://www.queenalice.com/game.php?id=901685"]
[Date "2011.2.17"]
[Round "-"]
[White "MisterTibs"]
[Black "krambo1"]
[Result "0-1"]
[WhiteElo "2297"]
[BlackElo "1967"]

1. d4 d5 2. e3 Nf6 3. Nf3 Bg4 4. Be2 e6 5. h3 Bxf3 6. Bxf3 Nbd7 7. Nd2 c5 8.
dxc5 Nxc5 9. O-O Bd6 10. c4 Rc8 11. cxd5 Nxd5 12. Nb3 Bb8 13. Nxc5 Rxc5 14. e4
Nf6 15. Qxd8+ Kxd8 16. Bg5 Rxg5 17. g3 Rc5 18. b4 Rc4 0-1